000 00498nam a2200169Ia 4500
999 _c14404
_d14404
003 OSt
005 20230916145103.0
008 190216s9999||||xx |||||||||||||| ||und||
040 _coclc
082 _a822.3
_bMAR/D
100 1 _aMarlowe, Christopher,
_d1564-1593
_95286
245 0 _aDoctor Faustus /
_cChristopher Marlowe
260 _bMacmillan India Ltd,
_c1976.
_aAgra:
300 _a253p
650 _aEnglish Literature
942 _cBK
_2ddc
_h822.3
_iMAR/D
_k822.3
_mMAR/D